Equipos de La Liga por 2 equipación. - Estadísticas

Estadísticas generales
  • Esta prueba ha sido intentada 152 veces
  • La puntuación promedio es 18 de 20
Estadísticas de respuestas
Imagen Respuesta % Correcto
Real Madrid
100%
Atletico de Madrid
99%
Barcelona
98%
Rayo Vallecano
97%
Getafe
96%
Girona
95%
Espanyol
93%
Valencia
93%
Celta de Vigo
91%
Mallorca
91%
Real Sociedad
91%
Sevilla
91%
Las Palmas
90%
Villarreal
90%
Osasuna
89%
Alavés
88%
Leganés
88%
Valladolid
82%
Athletic Club
76%
Betis
73%
No se encontraron pruebas coincidentes
Distribución de puntuación
Porcentaje de gente con cada puntuación
Porcentaje por número respondido
Historial de tus puntuaciones
No has intentado esta prueba.